000
00311nam a22001457a 4500
008
230721b ||||| |||| 00| 0 eng d
020
_a
9780309103107
041
_a
eng
080
_a
616.073
082
_a
616.073HAZ
100
_a
12
101
_a
GENE
245
_a
GEN.E.SIS
_c
HAZEN .M.R
942
_2
udc
_c
BK
999
_c
60197
_d
60197